00471 2200169 4500001002100000005001700021020002200038035002500060082001000085100001900095245005300114250001000167260007400177300003200251990000900283990000900292INLIS00000000001737720150112173833.0 a978-602-96198-2-9 a0010-011500000010150 a79303 asiswanto, S.Pd atradisi keboan aliyan dan kebo-keboan alasmalang aCET.1 aindonesiabdinas kebudayaan daN pariwisata kabupaten banyuwangic2009 a161 HLM; 20X13 CMc20X13 CM a0379 a0383